The effects of race /

The STIAS research theme on Being Human Today explores the interrelated questions: What does it mean to be human? And: What is the nature of the world in which we aspire to be human? In the context of post-apartheid South Africa race and racism remain key references in both these questions. Why is t...

Full description

Bibliographic Details
Corporate Author: JSTOR (Organization)
Other Authors: Jablonski, Nina G. (Editor), Maré, Gerhard (Editor)
Format: eBook
Language:English
Published: Stellenbosch (South Africa) : Sun Press, ©2018.
Edition:First edition.
Subjects:
Online Access:Connect to the full text of this electronic book

MARC

Tag First Indicator Second Indicator Subfields
LEADER 00000cam a2200000 i 4500
001 in00004635502
006 m o d
007 cr |||||||||||
008 190930s2018 sa ob 001 0 eng d
005 20230103223459.2
035 |a (OCoLC)on1121158818 
040 |a YDX  |b eng  |e pn  |c YDX  |d N$T  |d OCLCQ  |d OCLCF  |d EBLCP  |d JSTOR  |d OCLCO  |d K6U  |d OCLCQ  |d OCLCO 
020 |a 1928357857  |q (electronic bk.) 
020 |a 9781928357858  |q (electronic bk.) 
035 |a (OCoLC)1121158818 
037 |a 22573/ctv1nxkqcd  |b JSTOR 
043 |a f-sa--- 
050 4 |a DT1756 
082 0 4 |a 305.800968  |2 23 
049 |a TXAM 
245 0 4 |a The effects of race /  |c editors: Nina G. Jablonski, with Gerhard Maré. 
250 |a First edition. 
260 |a Stellenbosch (South Africa) :  |b Sun Press,  |c ©2018. 
300 |a 1 online resource 
336 |a text  |b txt  |2 rdacontent 
337 |a computer  |b c  |2 rdamedia 
338 |a online resource  |b cr  |2 rdacarrier 
504 |a Includes bibliographical references and index. 
520 |a The STIAS research theme on Being Human Today explores the interrelated questions: What does it mean to be human? And: What is the nature of the world in which we aspire to be human? In the context of post-apartheid South Africa race and racism remain key references in both these questions. Why is this so, considering that the biological basis of race thinking has been refuted? Templates of race and racialism remain at the core of state policy in South Africa, periodic gross incidents of racism surface in public, and notions of the existence of races remain central to everyday thinking and discourse. This book is the result of the work of a group of leading thinkers and their in-depth conversations at STIAS during the winter of 2015 on the effects of race. Convened by evolutionary anthropologist Nina Jablonski and sociologist Gerhard Maré, the group included Njabulo Ndebele, Chabani Manganyi, Barney Pityana, Crain Soudien, Göran Therborn, Mikael Hjerm, Zimitri Erasmus and George Chaplin. The group reconvened annually through 2017. This is the first in a series of planned publications on the their work. 
588 0 |a On-line resource; title from PDF title page (EBSCO, viewed December 09, 2019) 
505 0 |a Intro -- About the STIAS series -- Contents -- List of Contributors -- An Introduction -- Part I -- Race in Racialised South Africa -- Chapter 1 -- Perspectives on Race and Racism -- Chapter 2 -- Racism, Existential Inequality and Problems of Categorical Equalisation -- Chapter 4 -- Templates of Ordering and Maintaining the Social -- Chapter 5 -- 'Being-Black-in-the-World' and the Future of 'Blackness' -- Part II -- Naming -- Chapter 6 -- An Informational Taxonomy of Race-Ideation -- Chapter 7 -- What do Words really say? -- Chapter 8 -- Two Sides of the Same Coin -- Other Volumes in the Series 
650 0 |a Race relations  |x Social aspects  |z South Africa. 
650 0 |a Post-apartheid era  |z South Africa  |x Race relations. 
650 6 |a Relations raciales  |x Aspect social  |z Afrique du Sud. 
650 6 |a Ère post-apartheid  |z Afrique du Sud  |x Relations raciales. 
650 7 |a Race relations  |x Social aspects.  |2 fast  |0 (OCoLC)fst01086555 
651 7 |a South Africa.  |2 fast  |0 (OCoLC)fst01204616 
655 7 |a Electronic books.  |2 local 
700 1 |a Jablonski, Nina G.,  |e editor. 
700 1 |a Maré, Gerhard,  |e editor. 
710 2 |a JSTOR (Organization) 
856 4 0 |u https://www.jstor.org/stable/10.2307/j.ctv1nzg1rh  |z Connect to the full text of this electronic book  |t 0 
955 |a JSTOR Open Access ebooks 
994 |a 92  |b TXA 
999 f f |s 95effcbb-0edd-4ce2-84a2-51ab8542491c  |i 1b0146bc-afe0-49ef-8328-3771e67f107e  |t 0 
952 f f |a Texas A&M University  |b College Station  |c Electronic Resources  |d Available Online  |t 0  |e DT1756   |h Library of Congress classification 
998 f f |a DT1756   |t 0  |l Available Online